Monopolsozialismus : Offener Brief an die Mitglieder der Grundorganisation der Polnischen Vereinigten Arbeiterpartei und an die Mitglieder der Hochschulorganisation des Verbandes Sozialistischer Jugend an der Warschauer Universität

Shranjeno v:
Bibliografske podrobnosti
Glavni avtor: Kuron, Jacek
Format: Knjiga
Jezik:Undetermined
Izdano: Hamburg Hoffmann und Campe 1969
Teme:
Oznake: Označite
Brez oznak, prvi označite!
Thư viện lưu trữ: Trung tâm Học liệu Trường Đại học Cần Thơ
LEADER 00742nam a2200205Ia 4500
001 CTU_80616
008 210402s9999 xx 000 0 und d
082 |a 331 
082 |b K96 
100 |a Kuron, Jacek 
245 0 |a Monopolsozialismus : 
245 0 |b Offener Brief an die Mitglieder der Grundorganisation der Polnischen Vereinigten Arbeiterpartei und an die Mitglieder der Hochschulorganisation des Verbandes Sozialistischer Jugend an der Warschauer Universität 
245 0 |c Jacek Kuron, Karol Modzelewski 
260 |a Hamburg 
260 |b Hoffmann und Campe 
260 |c 1969 
650 |a Labor and laboring classes 
650 |z Poland 
904 |i Trọng Hải 
980 |a Trung tâm Học liệu Trường Đại học Cần Thơ